[Event "GX Alekhine Open de Outono 2022"]
[Site "Lisboa, Portugal"]
[Date "????.??.??"]
[Round "7.3"]
[White "Silva, Lourenco Santa Clar"]
[Black "Fernandes, Afonso Sampaio Da S"]
[Result "1/2-1/2"]
[WhiteElo "1647"]
[BlackElo "1904"]
[PlyCount "127"]

1. e4 c5 {[%emt 0:05:40]} 2. Nf3 {[%emt 0:00:12]} d6 {[%emt 0:00:02]} 3. d4 {
[%emt 0:00:06]} cxd4 {[%emt 0:00:17]} 4. Nxd4 {[%emt 0:00:06]} Nf6 {[%emt 0:00:
07]} 5. Nc3 {[%emt 0:00:04]} a6 {[%emt 0:00:05]} 6. Bg5 {[%emt 0:00:03]} e5 {
[%emt 0:03:08]} 7. Nb3 {[%emt 0:00:42]} Be7 {[%emt 0:00:02]} 8. Qd2 {[%emt 0:
01:37]} h6 {[%emt 0:01:06]} 9. Bxf6 {[%emt 0:01:24]} Bxf6 10. Nd5 {[%emt 0:00:
26]} Bg5 {[%emt 0:00:40]} 11. Ne3 {[%emt 0:00:34]} Be6 {[%emt 0:03:06]} 12.
O-O-O {[%emt 0:03:21]} Bg4 {[%emt 0:07:23]} 13. Be2 {[%emt 0:03:59]} Bxe2 {
[%emt 0:01:42]} 14. Qxe2 {[%emt 0:00:05]} O-O {[%emt 0:00:39]} 15. h4 {[%emt 0:
04:46]} Bxh4 {[%emt 0:01:22]} 16. Nf5 {[%emt 0:00:23]} Bg5+ {[%emt 0:03:09]}
17. Kb1 {[%emt 0:00:12]} Qc7 {[%emt 0:01:21]} 18. Qg4 {[%emt 0:15:40]} Rc8 {
[%emt 0:08:30]} 19. c3 {[%emt 0:01:51]} Kf8 {[%emt 0:00:39]} 20. g3 {[%emt 0:
02:23]} Rd8 {[%emt 0:02:20]} 21. f4 {[%emt 0:00:41]} Bf6 {[%emt 0:00:51]} 22.
fxe5 {[%emt 0:02:34]} Bxe5 {[%emt 0:04:07]} 23. Rdf1 {[%emt 0:03:07]} Nc6 {
[%emt 0:04:29]} 24. Nbd4 {[%emt 0:03:47]} Qd7 {[%emt 0:02:15]} 25. Qf3 {
[%emt 0:03:48]} Rac8 {[%emt 0:02:01]} 26. g4 {[%emt 0:02:07]} d5 {[%emt 0:02:
15]} 27. g5 {[%emt 0:01:13]} dxe4 {[%emt 0:01:23]} 28. gxh6 {[%emt 0:01:45]}
exf3 {[%emt 0:12:18]} 29. h7 {[%emt 0:00:37]} Ne7 {[%emt 0:00:46]} 30. h8=Q+ {
[%emt 0:00:43]} Ng8 {[%emt 0:00:02]} 31. Rxf3 {[%emt 0:02:28]} Qd5 {[%emt 0:01:
14]} 32. Re1 {[%emt 0:16:50]} Re8 {[%emt 0:01:15]} 33. Rfe3 {[%emt 0:02:50]}
Bxd4 {[%emt 0:16:42]} 34. Rxe8+ {[%emt 0:01:52]} Rxe8 {[%emt 0:00:01]} 35.
Rxe8+ {[%emt 0:00:37]} Kxe8 {[%emt 0:00:01]} 36. Qxg8+ {[%emt 0:00:10]} Kd7 {
[%emt 0:00:04]} 37. Nxd4 {[%emt 0:00:21]} g5 {[%emt 0:01:35]} 38. Qh7 {[%emt 0:
02:05]} g4 {[%emt 0:00:42]} 39. Kc2 {[%emt 0:03:51]} Qg2+ {[%emt 0:02:10]} 40.
Kd3 Qf1+ {[%emt 0:02:42]} 41. Kd2 {[%emt 0:02:34]} g3 {[%emt 0:01:40]} 42. Ne2
{[%emt 0:02:07]} g2 {[%emt 0:00:32]} 43. Qh3+ {[%emt 0:01:31]} Kc6 {[%emt 0:01:
23]} 44. Qg3 {[%emt 0:01:21]} Kb6 {[%emt 0:00:37]} 45. Qd6+ {[%emt 0:02:09]}
Ka7 {[%emt 0:00:14]} 46. Qd4+ {[%emt 0:04:50]} Kb8 {[%emt 0:00:09]} 47. Qd8+ {
[%emt 0:03:05]} Ka7 {[%emt 0:00:06]} 48. Qd4+ {[%emt 0:00:28]} Kb8 {[%emt 0:00:
09]} 49. Qg1 {[%emt 0:02:32]} Qf3 {[%emt 0:00:12]} 50. Ke1 {[%emt 0:00:37]} f5
{[%emt 0:01:18]} 51. Qh2+ {[%emt 0:00:51]} Ka7 {[%emt 0:03:04]} 52. Qg1+ {
[%emt 0:00:29]} Ka8 {[%emt 0:00:22]} 53. Nd4 {[%emt 0:00:43]} Qg3+ {[%emt 0:03:
56]} 54. Ke2 {[%emt 0:00:36]} f4 {[%emt 0:03:29]} 55. Nf3 {[%emt 0:00:30]} Qg4
{[%emt 0:00:10]} 56. Kf2 {[%emt 0:00:17]} Qg3+ {[%emt 0:00:11]} 57. Ke2 {
[%emt 0:00:05]} Qg6 {[%emt 0:00:51]} 58. Qd1 {[%emt 0:01:01]} Qg8 {[%emt 0:02:
12]} 59. Kf2 {[%emt 0:00:47]} Qg3+ {[%emt 0:01:31]} 60. Kg1 {[%emt 0:00:04]}
Qh3 {[%emt 0:00:38]} 61. Qd8+ {[%emt 0:00:50]} Ka7 {[%emt 0:00:02]} 62. Qd4+ {
[%emt 0:00:37]} Ka8 {[%emt 0:00:02]} 63. Qd8+ {[%emt 0:00:07]} Ka7 {[%emt 0:00:
04]} 64. Qd4+ {[%emt 0:00:03]} 1/2-1/2

[Event "GX Alekhine Open de Outono 2022"]
[Site "Lisboa, Portugal"]
[Date "????.??.??"]
[Round "7.4"]
[White "Morais, Vitor Mestre"]
[Black "Seia, Joao Manuel Barrada"]
[Result "1/2-1/2"]
[WhiteElo "1802"]
[BlackElo "1601"]
[PlyCount "156"]

1. Nf3 {[%emt 0:00:01]} c5 {[%emt 0:00:16]} 2. g3 {[%emt 0:00:14]} d5 {[%emt 0:
00:38]} 3. Bg2 {[%emt 0:00:06]} Nf6 {[%emt 0:00:25]} 4. O-O {[%emt 0:00:07]} g6
{[%emt 0:00:41]} 5. c4 {[%emt 0:00:07]} Bg7 {[%emt 0:03:47]} 6. cxd5 {[%emt 0:
00:11]} Nxd5 {[%emt 0:01:15]} 7. Nc3 {[%emt 0:00:08]} O-O {[%emt 0:03:25]} 8.
Qb3 {[%emt 0:00:30]} Nxc3 {[%emt 0:00:59]} 9. bxc3 {[%emt 0:00:09]} Qc7 {
[%emt 0:03:16]} 10. d3 {[%emt 0:00:11]} Be6 {[%emt 0:01:10]} 11. Qa3 {[%emt 0:
00:34]} Rd8 {[%emt 0:05:29]} 12. Bf4 {[%emt 0:00:13]} Qc8 {[%emt 0:02:00]} 13.
Rab1 {[%emt 0:00:11]} b6 {[%emt 0:04:30]} 14. Rfd1 {[%emt 0:02:27]} Bd5 {
[%emt 0:00:42]} 15. d4 {[%emt 0:00:54]} Nd7 {[%emt 0:03:36]} 16. Rbc1 {[%emt 0:
00:33]} e6 {[%emt 0:05:36]} 17. c4 {[%emt 0:00:52]} Bb7 {[%emt 0:00:23]} 18.
Bg5 {[%emt 0:03:08]} f6 {[%emt 0:02:52]} 19. Be3 {[%emt 0:00:18]} cxd4 {
[%emt 0:02:00]} 20. Nxd4 {[%emt 0:01:17]} Bxg2 {[%emt 0:01:24]} 21. Kxg2 {
[%emt 0:00:15]} e5 {[%emt 0:05:26]} 22. Ne6 {[%emt 0:00:24]} Qc6+ {[%emt 0:00:
10]} 23. f3 {[%emt 0:00:27]} Qxe6 {[%emt 0:00:23]} 24. Rd6 {[%emt 0:00:11]} Bf8
{[%emt 0:03:07]} 25. Rxe6 {[%emt 0:02:30]} Bxa3 {[%emt 0:00:04]} 26. Rd1 {
[%emt 0:00:11]} Kf7 {[%emt 0:05:30]} 27. Rc6 {[%emt 0:00:13]} Nc5 {[%emt 0:03:
35]} 28. Rc7+ {[%emt 0:00:12]} Ke6 {[%emt 0:03:39]} 29. Rxd8 {[%emt 0:00:09]}
Rxd8 {[%emt 0:00:02]} 30. Rxa7 {[%emt 0:00:14]} Bb4 {[%emt 0:01:01]} 31. Rxh7 {
[%emt 0:00:11]} Bd2 {[%emt 0:01:32]} 32. Bf2 {[%emt 0:00:38]} Rd7 {[%emt 0:00:
29]} 33. Rh8 {[%emt 0:00:14]} Rc7 {[%emt 0:01:19]} 34. Rb8 {[%emt 0:01:20]} Ba5
{[%emt 0:00:18]} 35. Rg8 {[%emt 0:00:38]} g5 {[%emt 0:00:20]} 36. h4 {[%emt 0:
00:09]} Kf7 {[%emt 0:01:14]} 37. Rh8 {[%emt 0:00:17]} Kg7 {[%emt 0:00:19]} 38.
Re8 {[%emt 0:00:15]} gxh4 {[%emt 0:00:32]} 39. gxh4 {[%emt 0:00:07]} Rd7 {
[%emt 0:04:10]} 40. Rc8 {[%emt 0:00:17]} Rd2 {[%emt 0:03:50]} 41. Bxc5 {
[%emt 0:00:53]} bxc5 {[%emt 0:00:13]} 42. Rxc5 {[%emt 0:00:07]} Rxe2+ {[%emt 0:
00:06]} 43. Kg3 {[%emt 0:00:54]} Rxa2 {[%emt 0:01:37]} 44. Rc6 {[%emt 0:00:17]}
Kg6 {[%emt 0:04:55]} 45. Kg4 {[%emt 0:02:20]} Be1 {[%emt 0:02:04]} 46. h5+ {
[%emt 0:01:06]} Kg7 {[%emt 0:05:39]} 47. Rc7+ {[%emt 0:00:13]} Kh6 {[%emt 0:03:
34]} 48. Rc6 {[%emt 0:00:41]} Rg2+ {[%emt 0:02:57]} 49. Kf5 {[%emt 0:01:46]}
Bh4 {[%emt 0:00:48]} 50. Rc8 {[%emt 0:00:33]} Rg5+ {[%emt 0:02:00]} 51. Ke4 {
[%emt 0:00:08]} Kxh5 {[%emt 0:01:26]} 52. Rh8+ {[%emt 0:00:12]} Kg6 {[%emt 0:
00:57]} 53. Rxh4 {[%emt 0:00:08]} Kf7 {[%emt 0:01:12]} 54. f4 {[%emt 0:00:19]}
exf4 {[%emt 0:02:26]} 55. Rxf4 {[%emt 0:00:16]} Re5+ {[%emt 0:00:20]} 56. Kd4 {
[%emt 0:00:11]} Ke6 {[%emt 0:00:22]} 57. Rh4 {[%emt 0:01:40]} Kd7 {[%emt 0:01:
27]} 58. Rh7+ {[%emt 0:00:54]} Kd6 {[%emt 0:00:08]} 59. Ra7 {[%emt 0:00:38]}
Ke6 {[%emt 0:01:21]} 60. Ra6+ {[%emt 0:00:10]} Ke7 {[%emt 0:00:09]} 61. c5 {
[%emt 0:00:32]} Re6 {[%emt 0:01:51]} 62. Ra7+ {[%emt 0:00:11]} Kd8 {[%emt 0:00:
52]} 63. Kd5 {[%emt 0:00:15]} Re2 {[%emt 0:01:48]} 64. Rf7 {[%emt 0:00:40]}
Rd2+ {[%emt 0:01:45]} 65. Kc6 {[%emt 0:00:10]} Rf2 {[%emt 0:00:16]} 66. Rh7 {
[%emt 0:00:23]} f5 {[%emt 0:00:36]} 67. Rh8+ {[%emt 0:00:10]} Ke7 {[%emt 0:00:
06]} 68. Kc7 {[%emt 0:00:06]} f4 {[%emt 0:00:09]} 69. c6 {[%emt 0:01:19]} f3 {
[%emt 0:00:36]} 70. Rh4 {[%emt 0:01:26]} Re2 {[%emt 0:00:33]} 71. Rf4 {[%emt 0:
00:12]} f2 {[%emt 0:00:21]} 72. Kc8 {[%emt 0:01:27]} Ke8 {[%emt 0:01:08]} 73.
c7 {[%emt 0:00:22]} Ke7 {[%emt 0:00:32]} 74. Kb7 {[%emt 0:02:06]} Rb2+ {
[%emt 0:00:25]} 75. Kc6 {[%emt 0:00:57]} Rc2+ {[%emt 0:00:24]} 76. Kb6 {
[%emt 0:01:00]} Rb2+ {[%emt 0:00:26]} 77. Kc6 {[%emt 0:00:15]} Rc2+ {[%emt 0:
00:14]} 78. Kb7 {[%emt 0:00:38]} Rb2+ {[%emt 0:00:26]} 1/2-1/2